| 000 | 00934nam a2200289 4500 | ||
|---|---|---|---|
| 003 | OSt | ||
| 005 | 20240326104100.0 | ||
| 008 | 240324s2018 my ao gr6 000 f may d | ||
| 020 |
_a9789674464158 _cRM 0.00 _qpaperback |
||
| 040 |
_aPPAK _beng _cPPAK _erda |
||
| 082 | 0 | 4 |
_223 _a899.2333 |
| 090 | 0 | 0 |
_a899.2333 _bRAM _dG |
| 100 | 0 |
_aRamlee Awang Murshid _d1967- _eAuthor |
|
| 245 | 0 | 0 |
_aFIKSYEN 302 / _cRAMLEE AWANG MURSHID |
| 264 | 1 |
_aShah Alam, Selangor : _bGrup Buku Karangkraf Sdn. Bhd., _c2018 |
|
| 300 |
_a501 pages : _bIllustrations, Photograph ; _c18.5 cm |
||
| 336 |
_atext _2rdacontent |
||
| 337 |
_aunmediated _2rdamedia |
||
| 338 |
_avolume _2rdacarrier |
||
| 504 | _aBibliography : pages 493-494 | ||
| 520 | _a"Jangan percaya!" | ||
| 586 | _aNovelis thriller No. 1 Malaysia | ||
| 650 | 1 | 0 | _aMalaysian fiction (Malay) |
| 650 | 2 | 0 | _aParanormal fiction |
| 650 | 2 | 0 | _aMalay fiction |
| 942 |
_2ddc _cB |
||
| 999 |
_c195447 _d195447 |
||